[Event "DVM U20 2009"]
[Site "Chemnitz GER"]
[Date "2009.12.27"]
[Round "1"]
[White "Oertel, Thomas"]
[Black "Heimann, Michael"]
[Result "1-0"]
[Termination "normal"]
[Board "8.5"]
[WhiteElo "2046"]
[BlackElo "1433"]
[WhiteTeam "USG Chemnitz"]
[BlackTeam "SV 1947 Walldorf"]
[PlyCount "83"]
[WhiteFideId "4613902"]
[BlackFideId "1271954"]
[EventCountry "GER"]
[EventRounds "7"]
[EventType "team-swiss"]
[EventDate "2009.12.26"]

1. e4 e5 2. f4 d6 3. Nf3 Nc6 4. Bb5 Bd7 5. Nc3 Nf6 6. O-O a6 7. Ba4 Be7 8. Kh1
exf4 9. d4 b5 10. Bb3 Na5 11. e5 dxe5 12. dxe5 Ng4 13. Bxf4 Nxb3 14. axb3 Bc5
15. Ne4 Ne3 16. Qd3 Bf5 17. Qxd8+ Rxd8 18. Nxc5 Nxf1 19. Nxa6 Bxc2 20. Nxc7+
Ke7 21. Rxf1 Bxb3 22. Nd2 Rd3 23. Bg5+ Kd7 24. Nxb5 Rxd2 25. Bxd2 Bc4 26. Rf5
Bxb5 27. e6+ Kxe6 28. Rxb5 Rd8 29. Be3 Rd7 30. g4 Rd1+ 31. Kg2 Re1 32. Bf2 Rc1
33. Rb6+ Kd7 34. Rb7+ Ke8 35. b4 Rb1 36. b5 Rb4 37. Kf3 g5 38. b6 f5 39. Rxh7
Rxg4 40. b7 Rf4+ 41. Ke3 Re4+ 42. Kd3 1-0

[Event "DVM U20 2009"]
[Site "Chemnitz GER"]
[Date "2009.12.27"]
[Round "1"]
[White "Hummel, Nikolas"]
[Black "Klebanov, Andrej"]
[Result "0-1"]
[Termination "normal"]
[Board "8.6"]
[WhiteElo "1426"]
[BlackElo "1860"]
[WhiteTeam "SV 1947 Walldorf"]
[BlackTeam "USG Chemnitz"]
[PlyCount "62"]
[BlackFideId "24669989"]
[EventCountry "GER"]
[EventRounds "7"]
[EventType "team-swiss"]
[EventDate "2009.12.26"]

1. e4 e6 2. d4 d5 3. exd5 exd5 4. Bd3 Nf6 5. Ne2 Bd6 6. Bf4 O-O 7. O-O Bg4 8.
Bxd6 Qxd6 9. Re1 Nbd7 10. Nd2 c5 11. c3 Bxe2 12. Bxe2 Qb6 13. Qb3 cxd4 14. Qxb6
Nxb6 15. cxd4 Rac8 16. Rec1 Na4 17. b4 Nc3 18. Bf3 Nfe4 19. Nb3 Rc4 20. a3 Rfc8
21. Kf1 b6 22. Rc2 Nb5 23. Rxc4 dxc4 24. Rc1 Ned6 25. a4 cxb3 26. Rxc8+ Nxc8
27. axb5 Nd6 28. Be2 b2 29. Bd3 Nxb5 30. d5 Nc3 31. d6 Kf8 0-1

[Event "DVM U20 2009"]
[Site "Chemnitz GER"]
[Date "2009.12.30"]
[Round "7"]
[White "Fox, Daniel"]
[Black "Huschenbeth, Niclas"]
[Result "1/2-1/2"]
[Termination "normal"]
[Board "1.1"]
[BlackTitle "IM"]
[WhiteElo "2118"]
[BlackElo "2411"]
[WhiteTeam "Brackweder SK von 1924"]
[BlackTeam "Hamburger SK von 1830 eV"]
[PlyCount "34"]
[WhiteFideId "24623172"]
[BlackFideId "24604747"]
[EventCountry "GER"]
[EventRounds "7"]
[EventType "team-swiss"]
[EventDate "2009.12.26"]

1. e4 e5 2. Nf3 Nc6 3. Nc3 Nf6 4. d4 exd4 5. Nxd4 Bb4 6. Nxc6 bxc6 7. Bd3 d6 8.
Bg5 O-O 9. O-O Rb8 10. f4 Bc5+ 11. Kh1 Bd4 12. Na4 h6 13. Bh4 g5 14. fxg5 hxg5
15. Bxg5 Kg7 16. Nc3 Rh8 17. Qf3 Rxh2+ 1/2-1/2

[Event "DVM U20 2009"]
[Site "Chemnitz GER"]
[Date "2009.12.30"]
[Round "7"]
[White "Ehrlich, Tim"]
[Black "Bracker, Frank"]
[Result "1/2-1/2"]
[Termination "normal"]
[Board "1.3"]
[WhiteElo "1977"]
[BlackElo "2270"]
[WhiteTeam "Brackweder SK von 1924"]
[BlackTeam "Hamburger SK von 1830 eV"]
[PlyCount "120"]
[WhiteFideId "24666548"]
[BlackFideId "24614343"]
[EventCountry "GER"]
[EventRounds "7"]
[EventType "team-swiss"]
[EventDate "2009.12.26"]

1. d4 Nf6 2. Bg5 e6 3. e4 h6 4. Bxf6 Qxf6 5. c3 d6 6. Nf3 g5 7. h3 Bg7 8. Nbd2
Nc6 9. Bd3 a6 10. Qe2 Bd7 11. O-O-O e5 12. d5 Ne7 13. Kb1 Qg6 14. Ka1 h5 15. g3
f6 16. Rc1 Kf7 17. Ne1 Bh6 18. g4 Bg7 19. Nc2 Rh7 20. f3 Rah8 21. Qg2 Ke8 22.
Ne3 Qf7 23. Bc2 Ng6 24. Rcg1 Nf4 25. Qf1 Bf8 26. Nf5 hxg4 27. hxg4 Rh2 28. Bd1
Qh7 29. Ng3 Qf7 30. Nb3 R8h4 31. Nc1 Qh7 32. Nce2 Bb5 33. Rxh2 Rxh2 34. a4 Nxe2
35. Bxe2 Bxa4 36. Rh1 Be7 37. Qg1 Rxh1 38. Qxh1 Qxh1+ 39. Nxh1 Bb3 40. Nf2 Kd7
41. Bd1 Bc4 42. b3 Bf1 43. c4 b5 44. cxb5 Bxb5 45. Kb2 c6 46. Kc3 Bd8 47. Nh1
Ba5+ 48. b4 Bb6 49. Ng3 Bd4+ 50. Kb3 Bf2 51. Nh5 Ke7 52. Ng7 cxd5 53. exd5 Be1
54. Bc2 Be2 55. Be4 Bd1+ 56. Kc4 Kd7 57. Nh5 Ke7 58. Ng7 Ba4 59. Nf5+ Kd7 60.
Ng7 Ke7 1/2-1/2

[Event "DVM U20 2009"]
[Site "Chemnitz GER"]
[Date "2009.12.30"]
[Round "7"]
[White "Bracker, Arne"]
[Black "Rücker, Bastian"]
[Result "1-0"]
[Termination "normal"]
[Board "1.4"]
[WhiteElo "2219"]
[BlackElo "1875"]
[WhiteTeam "Hamburger SK von 1830 eV"]
[BlackTeam "Brackweder SK von 1924"]
[PlyCount "77"]
[WhiteFideId "24618160"]
[BlackFideId "24682381"]
[EventCountry "GER"]
[EventRounds "7"]
[EventType "team-swiss"]
[EventDate "2009.12.26"]

1. d4 d5 2. c4 e6 3. Nf3 c6 4. e3 Nf6 5. b3 Be7 6. Bb2 O-O 7. Bd3 Nbd7 8. Nc3
Re8 9. O-O b6 10. Qc2 h6 11. Ne5 Nxe5 12. dxe5 Nd7 13. f4 f5 14. exf6 Bxf6 15.
Rad1 Qe7 16. e4 d4 17. e5 dxc3 18. exf6 Qc5+ 19. Kh1 Nxf6 20. Bxc3 Qe7 21. Bg6
Rf8 22. Be5 Ne8 23. Bxe8 Qxe8 24. Rf3 a6 25. c5 b5 26. Bd6 Rf5 27. Be5 Ra7 28.
Re3 Rd7 29. Rxd7 Bxd7 30. Qd2 Rf7 31. Qa5 Qc8 32. h3 Kh7 33. Kh2 Rf5 34. Qd2
Rf7 35. Qc2+ Kg8 36. Rd3 Be8 37. Rg3 Qd8 38. Qg6 Kf8 39. Bxg7+ 1-0

[Event "DVM U20 2009"]
[Site "Chemnitz GER"]
[Date "2009.12.30"]
[Round "7"]
[White "Spisla, Dominik"]
[Black "Colpe, Malte"]
[Result "0-1"]
[Termination "normal"]
[Board "1.5"]
[WhiteElo "1807"]
[BlackElo "2160"]
[WhiteTeam "Brackweder SK von 1924"]
[BlackTeam "Hamburger SK von 1830 eV"]
[PlyCount "76"]
[WhiteFideId "24676306"]
[BlackFideId "24623075"]
[EventCountry "GER"]
[EventRounds "7"]
[EventType "team-swiss"]
[EventDate "2009.12.26"]

1. d4 Nf6 2. Nc3 d5 3. Bg5 Nbd7 4. f3 h6 5. Bh4 c5 6. e4 dxe4 7. fxe4 Qa5 8.
Bxf6 exf6 9. Qd2 cxd4 10. Qxd4 Bc5 11. Qa4 Qb6 12. O-O-O Bxg1 13. Nd5 Qd6 14.
Rxg1 O-O 15. g3 Nc5 16. Qd4 Kh8 17. Nf4 Qe5 18. Qxe5 fxe5 19. Rd5 exf4 20. Rxc5
fxg3 21. hxg3 Bd7 22. Bc4 Rac8 23. Rxc8 Bxc8 24. Rf1 Kg8 25. Bd5 g5 26. c4 b6
27. Rf6 Kg7 28. Rc6 h5 29. Rc7 h4 30. gxh4 gxh4 31. e5 Kg6 32. Rxa7 Kf5 33. a4
Kxe5 34. Kd2 h3 35. Re7+ Be6 36. b4 Kd6 37. Bxe6 h2 38. Bd5 Kxe7 0-1

[Event "DVM U20 2009"]
[Site "Chemnitz GER"]
[Date "2009.12.30"]
[Round "7"]
[White "Kotainy, Jens"]
[Black "Brüggemann, Florian"]
[Result "1-0"]
[Termination "normal"]
[Board "2.1"]
[WhiteElo "2243"]
[BlackElo "2030"]
[WhiteTeam "Schachgesellschaft Bochum 1931"]
[BlackTeam "SG Aufbau Elbe Magdeburg"]
[PlyCount "53"]
[WhiteFideId "24670499"]
[BlackFideId "24645567"]
[EventCountry "GER"]
[EventRounds "7"]
[EventType "team-swiss"]
[EventDate "2009.12.26"]

1. e4 e6 2. d4 d5 3. Nc3 Nf6 4. Bg5 Be7 5. e5 Nfd7 6. h4 a6 7. Qg4 h5 8. Qg3
Bxg5 9. hxg5 g6 10. Nf3 c5 11. dxc5 Nxc5 12. Qf4 Rg8 13. g4 hxg4 14. Rh7 Qe7
15. Nh2 Ncd7 16. Nxg4 Nc6 17. O-O-O Qf8 18. Bg2 Ne7 19. Nf6+ Nxf6 20. exf6 Nf5
21. Bxd5 Qd6 22. Qxd6 Nxd6 23. Bxe6 Bxe6 24. Rxd6 Rf8 25. Ne4 Rd8 26. Rxe6+
fxe6 27. Re7# 1-0

[Event "DVM U20 2009"]
[Site "Chemnitz GER"]
[Date "2009.12.30"]
[Round "7"]
[White "Paul, Johannes"]
[Black "Pilat, Daniel"]
[Result "1/2-1/2"]
[Termination "normal"]
[Board "2.2"]
[WhiteElo "2142"]
[BlackElo "2174"]
[WhiteTeam "SG Aufbau Elbe Magdeburg"]
[BlackTeam "Schachgesellschaft Bochum 1931"]
[PlyCount "36"]
[WhiteFideId "24622087"]
[BlackFideId "24602116"]
[EventCountry "GER"]
[EventRounds "7"]
[EventType "team-swiss"]
[EventDate "2009.12.26"]

1. c4 e6 2. g3 d5 3. Bg2 Nf6 4. Nf3 dxc4 5. Qa4+ c6 6. Qxc4 b5 7. Qc2 Bb7 8.
O-O Nbd7 9. d3 c5 10. a4 a6 11. Nc3 b4 12. Nb1 Bd6 13. Nbd2 a5 14. b3 Rc8 15.
Bb2 Ba6 16. Rac1 O-O 17. Nc4 Bxc4 18. Qxc4 Qc7 1/2-1/2

[Event "DVM U20 2009"]
[Site "Chemnitz GER"]
[Date "2009.12.30"]
[Round "7"]
[White "Mazarov, Jürgen"]
[Black "Schiffner, Kevin"]
[Result "1/2-1/2"]
[Termination "normal"]
[Board "2.3"]
[WhiteElo "2185"]
[BlackElo "1952"]
[WhiteTeam "Schachgesellschaft Bochum 1931"]
[BlackTeam "SG Aufbau Elbe Magdeburg"]
[PlyCount "61"]
[WhiteFideId "24617768"]
[BlackFideId "24674940"]
[EventCountry "GER"]
[EventRounds "7"]
[EventType "team-swiss"]
[EventDate "2009.12.26"]

1. e4 d6 2. d4 g6 3. f4 Bg7 4. Nf3 Nf6 5. e5 Nd5 6. Bc4 e6 7. O-O O-O 8. Qe2 c5
9. dxc5 dxe5 10. Nxe5 Qc7 11. Nd3 Ne7 12. Bd2 Nd7 13. Qf2 Nxc5 14. Qxc5 Qxc5+
15. Nxc5 Bd4+ 16. Kh1 Bxc5 17. Nc3 Nf5 18. Ne4 Bd4 19. c3 Bg7 20. Ng3 Nd6 21.
Be2 Bd7 22. Be3 Bc6 23. Bc5 Rfd8 24. Rad1 Nb5 25. a4 Nc7 26. a5 Rxd1 27. Rxd1
Nd5 28. Bf3 a6 29. Ne2 Rc8 30. Bxd5 Bxd5 31. b4 1/2-1/2

[Event "DVM U20 2009"]
[Site "Chemnitz GER"]
[Date "2009.12.30"]
[Round "7"]
[White "Tkachuk, Konstantyn"]
[Black "Rickmann, David"]
[Result "1-0"]
[Termination "normal"]
[Board "2.5"]
[WhiteElo "2156"]
[BlackElo "1895"]
[WhiteTeam "Schachgesellschaft Bochum 1931"]
[BlackTeam "SG Aufbau Elbe Magdeburg"]
[PlyCount "73"]
[WhiteFideId "24647330"]
[BlackFideId "24657360"]
[EventCountry "GER"]
[EventRounds "7"]
[EventType "team-swiss"]
[EventDate "2009.12.26"]

1. e4 d5 2. exd5 Qxd5 3. d4 e5 4. dxe5 Qxd1+ 5. Kxd1 Nc6 6. f4 Bf5 7. c3 O-O-O+
8. Ke1 Bc5 9. Nf3 f6 10. Bb5 fxe5 11. fxe5 h6 12. Nbd2 Nge7 13. b4 Bb6 14. Nc4
Ng6 15. a4 a6 16. Bxc6 bxc6 17. Nxb6+ cxb6 18. Be3 Kb7 19. a5 b5 20. Rd1 Rxd1+
21. Kxd1 Rd8+ 22. Ke2 Re8 23. Bd4 Nf4+ 24. Kf2 Nd3+ 25. Kg3 g5 26. h4 g4 27.
Nd2 h5 28. Rf1 Be6 29. Ne4 Re7 30. Rf8 Bd5 31. Nd6+ Kc7 32. Rf5 Ne1 33. Rxh5
Bxg2 34. Nf5 Re6 35. Rh7+ Kc8 36. Nd6+ Kb8 37. Kf2 1-0

[Event "DVM U20 2009"]
[Site "Chemnitz GER"]
[Date "2009.12.30"]
[Round "7"]
[White "Nieber, Alexander"]
[Black "Kelbling, Philipp"]
[Result "0-1"]
[Termination "normal"]
[Board "2.6"]
[WhiteElo "1825"]
[BlackElo "2116"]
[WhiteTeam "SG Aufbau Elbe Magdeburg"]
[BlackTeam "Schachgesellschaft Bochum 1931"]
[PlyCount "70"]
[WhiteFideId "24691224"]
[BlackFideId "24669750"]
[EventCountry "GER"]
[EventRounds "7"]
[EventType "team-swiss"]
[EventDate "2009.12.26"]

1. d4 Nf6 2. c4 e6 3. g3 d5 4. Nf3 Be7 5. Bg2 O-O 6. O-O dxc4 7. Ne5 Nc6 8.
Nxc6 bxc6 9. Bxc6 Rb8 10. Bg2 Bb7 11. Bxb7 Rxb7 12. e3 c5 13. Qc2 cxd4 14. Rd1
Rd7 15. Rxd4 Rxd4 16. exd4 Qxd4 17. Be3 Qd7 18. Qxc4 Nd5 19. Bd2 Rc8 20. Qb3
Nb6 21. Bc3 Na4 22. Na3 Nxc3 23. bxc3 h6 24. Rd1 Qc6 25. c4 a6 26. Rc1 Bg5 27.
Rd1 Be7 28. Rc1 Qc5 29. Nb1 Bg5 30. Rc3 Qe5 31. Na3 Rd8 32. Rc2 Be7 33. Rc1 Bc5
34. Nb1 Rb8 35. Qc2 Rb2 0-1

[Event "DVM U20 2009"]
[Site "Chemnitz GER"]
[Date "2009.12.30"]
[Round "7"]
[White "Seyb, Alexander"]
[Black "Zelbel, Patrick"]
[Result "1/2-1/2"]
[Termination "normal"]
[Board "3.1"]
[BlackTitle "FM"]
[WhiteElo "2265"]
[BlackElo "2346"]
[WhiteTeam "FSV Großenseebach"]
[BlackTeam "Schachfreunde Brackel 1930 e.V."]
[PlyCount "46"]
[WhiteFideId "4699033"]
[BlackFideId "24624322"]
[EventCountry "GER"]
[EventRounds "7"]
[EventType "team-swiss"]
[EventDate "2009.12.26"]

1. e4 c5 2. Nf3 d6 3. d4 cxd4 4. Nxd4 Nf6 5. Nc3 a6 6. Be3 e5 7. Nb3 Be7 8. f3
Be6 9. Qd2 O-O 10. O-O-O Nbd7 11. g4 b5 12. g5 b4 13. Ne2 Ne8 14. h4 a5 15. Kb1
a4 16. Nbc1 Nb6 17. Ng3 d5 18. Bxb6 Qxb6 19. exd5 Rd8 20. Bc4 Nc7 21. dxe6 Rxd2
22. exf7+ Kh8 23. Rxd2 Nb5 1/2-1/2

[Event "DVM U20 2009"]
[Site "Chemnitz GER"]
[Date "2009.12.30"]
[Round "7"]
[White "Strathoff, Jens"]
[Black "Schneider, David"]
[Result "1/2-1/2"]
[Termination "normal"]
[Board "3.2"]
[WhiteElo "2075"]
[BlackElo "2273"]
[WhiteTeam "Schachfreunde Brackel 1930 e.V."]
[BlackTeam "FSV Großenseebach"]
[PlyCount "101"]
[WhiteFideId "4699084"]
[BlackFideId "4697111"]
[EventCountry "GER"]
[EventRounds "7"]
[EventType "team-swiss"]
[EventDate "2009.12.26"]

1. e4 c5 2. c4 e6 3. Ne2 b6 4. d4 cxd4 5. Nxd4 Bb7 6. Nc3 a6 7. Be2 Qc7 8. O-O
Nf6 9. Qd3 d6 10. f3 Nbd7 11. b3 Be7 12. Be3 O-O 13. Rfd1 Rac8 14. Rac1 Rfe8
15. Kh1 Qb8 16. Bg1 Bd8 17. Nc2 Bc7 18. Ne3 Ne5 19. Qd2 Ng6 20. Bf1 Rcd8 21.
Qc2 Rc8 22. Qd2 Nf8 23. b4 N8d7 24. Qf2 Ne5 25. Ne2 Qa8 26. Nf4 Kh8 27. Qh4 Kg8
28. Nh5 Nxh5 29. Qxh5 Ng6 30. Qg4 Ne5 31. Qh3 Ng6 32. Bd3 Qb8 33. Nf1 Rcd8 34.
Qg4 Ne5 35. Qg5 d5 36. Qh4 dxc4 37. Bc2 Rxd1 38. Rxd1 Rd8 39. Re1 b5 40. Qf2
Nc6 41. a3 Be5 42. Ne3 Bc3 43. Rf1 Rd2 44. Qh4 Qd8 45. Qh5 g6 46. Qh3 Bd4 47.
Bb1 c3 48. Nc2 Bxg1 49. Rxg1 Nd4 50. Nxd4 Qxd4 51. Qg3 1/2-1/2

[Event "DVM U20 2009"]
[Site "Chemnitz GER"]
[Date "2009.12.30"]
[Round "7"]
[White "Strathoff, Martin"]
[Black "Quaschner, Tobias"]
[Result "1-0"]
[Termination "normal"]
[Board "3.4"]
[WhiteElo "2047"]
[BlackElo "1962"]
[WhiteTeam "Schachfreunde Brackel 1930 e.V."]
[BlackTeam "FSV Großenseebach"]
[PlyCount "97"]
[WhiteFideId "24609560"]
[BlackFideId "24646989"]
[EventCountry "GER"]
[EventRounds "7"]
[EventType "team-swiss"]
[EventDate "2009.12.26"]

1. d4 Nf6 2. c4 e5 3. dxe5 Ng4 4. e4 Nxe5 5. f4 Nec6 6. Nf3 Bc5 7. a3 a5 8. Ng5
Na6 9. Bd3 h6 10. Qh5 g6 11. Qh4 Qf6 12. Nf3 Qxh4+ 13. Nxh4 d6 14. Bd2 Bd4 15.
Nc3 Nc5 16. Bc2 a4 17. Nd5 Kd8 18. O-O-O Re8 19. e5 dxe5 20. fxe5 Bg4 21. Bxh6
Bxd1 22. Rxd1 Kc8 23. Nf3 Ne6 24. Nxd4 Ncxd4 25. Be4 Ra5 26. Kb1 Nb3 27. Be3
Nbc5 28. Bf3 Nd7 29. Bd2 Ra8 30. Bc3 c6 31. Ne3 Kc7 32. Bg4 Rad8 33. Rf1 Ng5
34. c5 Nxc5 35. h4 Nge6 36. Rxf7+ Rd7 37. Rf6 Rde7 38. Rxg6 Nf4 39. Rf6 Nfd3
40. Nc4 Ne4 41. Ba5+ Kb8 42. Nd6 Rxe5 43. Nxe8 Rxa5 44. Rf8 Ka7 45. Bf5 Ndc5
46. h5 Rb5 47. h6 Nd2+ 48. Kc2 Nc4 49. h7 1-0

[Event "DVM U20 2009"]
[Site "Chemnitz GER"]
[Date "2009.12.30"]
[Round "7"]
[White "Kirch, Daniel"]
[Black "Zemella, Christian"]
[Result "1-0"]
[Termination "normal"]
[Board "3.5"]
[WhiteElo "2050"]
[BlackElo "2081"]
[WhiteTeam "FSV Großenseebach"]
[BlackTeam "Schachfreunde Brackel 1930 e.V."]
[PlyCount "95"]
[WhiteFideId "24605786"]
[BlackFideId "24620580"]
[EventCountry "GER"]
[EventRounds "7"]
[EventType "team-swiss"]
[EventDate "2009.12.26"]

1. d4 Nf6 2. c4 c5 3. d5 e6 4. Nc3 exd5 5. cxd5 d6 6. Nf3 g6 7. Bf4 Bg7 8. Qa4+
Bd7 9. Qb3 Qc7 10. e4 O-O 11. Bd3 a6 12. a4 Re8 13. Nd2 Nh5 14. Be3 f5 15. f3
f4 16. Bf2 g5 17. g4 Nf6 18. Nc4 Ra7 19. O-O-O Bxa4 20. Nxa4 b5 21. Nxc5 dxc5
22. d6 Qf7 23. Bxc5 Rc8 24. Qb4 Nc6 25. Qc3 Nxg4 26. Qc2 Ne3 27. Nxe3 Nb4 28.
Bxb4 Rxc2+ 29. Nxc2 Qb3 30. Bc3 Bxc3 31. bxc3 Qxc3 32. d7 Rxd7 33. Bc4+ bxc4
34. Rxd7 Qxf3 35. Re1 Qb3 36. Rd4 a5 37. Kd2 f3 38. Re3 Qb8 39. Rxf3 Qxh2+ 40.
Kc3 g4 41. Rf5 g3 42. e5 Qh3 43. Rg5+ Kf7 44. Rdg4 g2+ 45. Kxc4 h6 46. Rg7+ Ke6
47. Nd4+ Kxe5 48. R7g6 1-0

[Event "DVM U20 2009"]
[Site "Chemnitz GER"]
[Date "2009.12.30"]
[Round "7"]
[White "Haidar, Marcel"]
[Black "Kirch, Florian"]
[Result "0-1"]
[Termination "normal"]
[Board "3.6"]
[WhiteElo "1828"]
[BlackElo "1989"]
[WhiteTeam "Schachfreunde Brackel 1930 e.V."]
[BlackTeam "FSV Großenseebach"]
[PlyCount "96"]
[BlackFideId "24605794"]
[EventCountry "GER"]
[EventRounds "7"]
[EventType "team-swiss"]
[EventDate "2009.12.26"]

1. e4 Nf6 2. e5 Nd5 3. d4 d6 4. Nf3 Nc6 5. c4 Nb6 6. e6 fxe6 7. Be3 g6 8. h4 e5
9. d5 Nd4 10. Nxd4 exd4 11. Bxd4 Rg8 12. Bd3 e5 13. dxe6 Bxe6 14. Qe2 Qe7 15.
Nd2 O-O-O 16. O-O-O Qf7 17. Bxb6 axb6 18. Ne4 h6 19. Qc2 Bg7 20. Nc3 Bxc4 21.
Qa4 Bxd3 22. Rxd3 c6 23. Ne4 Qf4+ 24. Kb1 d5 25. Nc5 Qxa4 26. Nxa4 b5 27. Nc5
Rge8 28. Kc2 Re2+ 29. Rd2 Rxd2+ 30. Kxd2 Bxb2 31. f3 Re8 32. Nd3 Bd4 33. Rb1
Kc7 34. Nb4 Kd6 35. Nc2 Bc5 36. Re1 Rxe1 37. Kxe1 d4 38. Kd2 Kd5 39. Kd3 Bb6
40. Nb4+ Ke5 41. Ke2 c5 42. Nd3+ Ke6 43. g4 g5 44. hxg5 hxg5 45. f4 c4 46. f5+
Kd5 47. Nb4+ Ke4 48. Kd1 d3 0-1

[Event "DVM U20 2009"]
[Site "Chemnitz GER"]
[Date "2009.12.30"]
[Round "7"]
[White "Nuber, Blasius"]
[Black "Schnoor, Ekkehard"]
[Result "1/2-1/2"]
[Termination "normal"]
[Board "4.2"]
[WhiteElo "2177"]
[BlackElo "1997"]
[WhiteTeam "SC Dillingen"]
[BlackTeam "SG Grün-Weiß Dresden"]
[PlyCount "78"]
[WhiteFideId "24620289"]
[BlackFideId "24639753"]
[EventCountry "GER"]
[EventRounds "7"]
[EventType "team-swiss"]
[EventDate "2009.12.26"]

1. e4 c5 2. c3 Nf6 3. e5 Nd5 4. d4 cxd4 5. cxd4 d6 6. Nf3 Nc6 7. Be2 e6 8. O-O
Be7 9. Bd2 O-O 10. Nc3 Nxc3 11. Bxc3 b6 12. d5 Nxe5 13. Nxe5 dxe5 14. Bf3 exd5
15. Bxd5 Ba6 16. Re1 Rc8 17. Bxe5 Rc5 18. Qg4 Bf6 19. Rad1 Qc8 20. Qxc8 Rfxc8
21. Bxf6 gxf6 22. h3 Bc4 23. Bxc4 Rxc4 24. Rd7 R8c7 25. Re8+ Kg7 26. Rdd8 Rc1+
27. Kh2 R1c2 28. Rg8+ Kh6 29. Rd4 R7c4 30. Rxc4 Rxc4 31. Ra8 Rc2 32. Rxa7 Rxb2
33. f4 Kg6 34. Kg3 b5 35. Kf3 b4 36. g4 b3 37. f5+ Kg7 38. axb3 Rxb3+ 39. Kg2
Rc3 1/2-1/2

[Event "DVM U20 2009"]
[Site "Chemnitz GER"]
[Date "2009.12.30"]
[Round "7"]
[White "Kunze, Christopher"]
[Black "Giss, Arthur"]
[Result "1/2-1/2"]
[Termination "normal"]
[Board "4.3"]
[WhiteElo "1948"]
[BlackElo "2027"]
[WhiteTeam "SG Grün-Weiß Dresden"]
[BlackTeam "SC Dillingen"]
[PlyCount "24"]
[WhiteFideId "4647998"]
[BlackFideId "24667560"]
[EventCountry "GER"]
[EventRounds "7"]
[EventType "team-swiss"]
[EventDate "2009.12.26"]

1. e4 c5 2. d3 d6 3. g3 g6 4. Bg2 Bg7 5. f4 Nc6 6. Nf3 Nf6 7. O-O O-O 8. c3 Rb8
9. Na3 b5 10. Nc2 Qb6 11. Re1 a5 12. h3 Ba6 1/2-1/2

[Event "DVM U20 2009"]
[Site "Chemnitz GER"]
[Date "2009.12.30"]
[Round "7"]
[White "Marsel, Patrick"]
[Black "Grünke, Paul"]
[Result "1-0"]
[Termination "normal"]
[Board "4.5"]
[WhiteElo "1976"]
[BlackElo "2107"]
[WhiteTeam "SG Grün-Weiß Dresden"]
[BlackTeam "SC Dillingen"]
[PlyCount "69"]
[WhiteFideId "24623741"]
[BlackFideId "24647802"]
[EventCountry "GER"]
[EventRounds "7"]
[EventType "team-swiss"]
[EventDate "2009.12.26"]

1. f4 c5 2. Nf3 Nc6 3. e3 e6 4. Bb5 Nge7 5. O-O g6 6. d3 Bg7 7. Nbd2 O-O 8. Qe1
Nb4 9. Ba4 b5 10. Bb3 Bb7 11. a3 Nbc6 12. g4 d5 13. Ba2 Qd7 14. Qg3 b4 15. axb4
Nxb4 16. Bb1 Qc7 17. c3 Nbc6 18. e4 f5 19. gxf5 exf5 20. e5 Nd8 21. d4 h6 22.
Nb3 Ne6 23. dxc5 Nxc5 24. Nxc5 Qxc5+ 25. Nd4 Kh7 26. Be3 Qc8 27. Bd3 a5 28. Qh4
Re8 29. Bb5 Nc6 30. Kf2 Nxd4 31. Bxe8 Nc2 32. Bxg6+ Kxg6 33. Rg1+ Kh7 34. Rxg7+
Kxg7 35. Rg1+ 1-0

[Event "DVM U20 2009"]
[Site "Chemnitz GER"]
[Date "2009.12.30"]
[Round "7"]
[White "Schwarz, Andreas"]
[Black "Nitze, Florian"]
[Result "0-1"]
[Termination "normal"]
[Board "4.6"]
[WhiteElo "1925"]
[BlackElo "1719"]
[WhiteTeam "SC Dillingen"]
[BlackTeam "SG Grün-Weiß Dresden"]
[PlyCount "86"]
[WhiteFideId "24631795"]
[BlackFideId "24603902"]
[EventCountry "GER"]
[EventRounds "7"]
[EventType "team-swiss"]
[EventDate "2009.12.26"]

1. e4 e6 2. d4 c5 3. Nf3 cxd4 4. Nxd4 Nc6 5. Be3 a6 6. c4 Nf6 7. Nc3 Qc7 8. Rc1
Be7 9. Be2 O-O 10. O-O Rb8 11. a3 Rd8 12. b4 b6 13. Qb3 Bb7 14. f3 Bd6 15. h3
Nh5 16. f4 Nxd4 17. Bxd4 Ng3 18. e5 Nxf1 19. exd6 Qxd6 20. Be5 Qd2 21. Rd1 Qe3+
22. Kxf1 Qg3 23. Bf3 Bxf3 24. gxf3 Qxf3+ 25. Ke1 Qe3+ 26. Kf1 Qxh3+ 27. Ke1
Qe3+ 28. Kf1 Rbc8 29. Bd6 Re8 30. c5 e5 31. fxe5 Re6 32. Qc4 Rg6 33. Ne2 Rh6
34. Qd3 Qg5 35. Qf3 bxc5 36. bxc5 Rh4 37. Qb7 Re8 38. Qxd7 Rh1+ 39. Kf2 Rh2+
40. Kf3 Qg2+ 41. Kf4 Rh4+ 42. Ke3 Re4+ 43. Kd3 Qxe2+ 0-1

[Event "DVM U20 2009"]
[Site "Chemnitz GER"]
[Date "2009.12.30"]
[Round "7"]
[White "Kulke, Tobias"]
[Black "Högy, Kevin"]
[Result "0-1"]
[Termination "normal"]
[Board "5.1"]
[WhiteElo "2144"]
[BlackElo "2145"]
[WhiteTeam "USG Chemnitz"]
[BlackTeam "Sfr.Neuberg"]
[PlyCount "66"]
[WhiteFideId "24607703"]
[BlackFideId "24647098"]
[EventCountry "GER"]
[EventRounds "7"]
[EventType "team-swiss"]
[EventDate "2009.12.26"]

1. e4 e5 2. Nf3 Nc6 3. Bb5 Nf6 4. O-O Nxe4 5. Re1 Nd6 6. Bxc6 dxc6 7. Nxe5 Be7
8. d4 O-O 9. Bf4 Be6 10. Nd2 Nf5 11. c3 c5 12. dxc5 Bxc5 13. Ne4 Qxd1 14. Raxd1
Be7 15. Nd7 Rfe8 16. Nec5 Bxd7 17. Nxd7 Bd6 18. Ne5 g5 19. Bxg5 Rxe5 20. Rxe5
Bxe5 21. Rd5 Re8 22. f4 f6 23. Bxf6 Bxf6 24. Rxf5 Kg7 25. Kf2 Rd8 26. Ke2 Rd6
27. Rc5 c6 28. Ra5 a6 29. g4 Bd8 30. Rh5 Bc7 31. Rg5+ Rg6 32. Rxg6+ hxg6 33.
Kf3 g5 0-1

[Event "DVM U20 2009"]
[Site "Chemnitz GER"]
[Date "2009.12.30"]
[Round "7"]
[White "Knickel, Aaron"]
[Black "Eidner, Falk"]
[Result "1-0"]
[Termination "normal"]
[Board "5.2"]
[WhiteElo "2111"]
[BlackElo "1983"]
[WhiteTeam "Sfr.Neuberg"]
[BlackTeam "USG Chemnitz"]
[PlyCount "87"]
[WhiteFideId "24605298"]
[BlackFideId "24634557"]
[EventCountry "GER"]
[EventRounds "7"]
[EventType "team-swiss"]
[EventDate "2009.12.26"]

1. g3 c5 2. Bg2 Nc6 3. e4 g6 4. d3 Bg7 5. f4 d6 6. Nf3 e6 7. a4 Nge7 8. c3 O-O
9. Be3 b6 10. O-O d5 11. e5 Ba6 12. Bf2 c4 13. d4 Na5 14. g4 h6 15. Bh4 Nac6
16. Bh3 Qc7 17. Qe1 Rfe8 18. Bf6 Bf8 19. Qh4 Bc8 20. Rf2 Nb8 21. Nbd2 Nd7 22.
g5 h5 23. Nf1 Bg7 24. Ng3 Nf5 25. Bxf5 exf5 26. Rg2 Nf8 27. Rf1 Bd7 28. Nxh5
gxh5 29. Qxh5 Ng6 30. Nd2 Bxa4 31. Rg3 Rec8 32. Bxg7 Kxg7 33. Qh6+ Kg8 34. Rh3
Be8 35. Rff3 f6 36. gxf6 Kf7 37. Rfg3 Ke6 38. Nf3 Kd7 39. Rxg6 Bxg6 40. Qxg6
Rg8 41. Rh7+ Kc6 42. Rg7 Rxg7 43. fxg7+ Kb5 44. g8=Q 1-0